000 00875nas a2200313 4500
001 BR8603312
003 BR-BrBNA
005 20231205090531.0
007 ta
008 230509b bl.|||p| |||| 00| 00por d
040 _aBR-BrBNA
_bpor
_cBiblioteca Nacional de Agricultura
041 _a(Pt)
072 _aH20
100 1 _aRezende, J.A.M.
100 1 _aCosta, A.S.
245 1 _aViroses do mamoeiro
650 _aVIROSE VEGETAL
650 _aMAMAO
650 _aMOSAICO
650 _aSINTOMA
650 _aVIRUS
650 _aTRANSMISSAO DE DOENCA
650 _aCONTROLE CULTURAL
650 _aACARO BRANCO
650 _aBORO
773 0 _tInforme Agropecuario - Empresa de Pesquisa Agropecuaria de Minas Gerais (Brazil)
_xISSN 0100-3364
_g(Feb 1986), v. 12(134) p. 44-48
_wBR8603312
909 _a202311
_bLúcia
_c55
_dLúcia Elande
942 _2AGRIS
_n0
_cANA
999 _c119112
_d119112